[Event "92nd St. Petersburg-ch Men 2019"]
[Site "Sankt Petersburg"]
[Date "2019.04.09"]
[Round "9.2"]
[White "Vlasenko, Miroslav"]
[Black "Lesovoi, Evgenij"]
[Result "1-0"]
[WhiteElo "2410"]
[BlackElo "2305"]
[Annotator "NA"]
[PlyCount "41"]
[EventDate "2019.04.01"]
[EventType "tourn"]
[EventCountry "RUS"]
[SourceTitle "playchess.com"]
[Source "ChessBase"]
[SourceQuality "1"]
[TimeControl "40/5400+30:1800+30"]

{[%evp 8,40,0,4,10,13,12,19,21,16,41,32767,32767,32767,32767,32,45,32767,64,60,77,32767,32767,32767,32767,32767,32767,32767,32767,32767,32767,286,32767,256,253]} 1. d4 {[%emt 0:05:33]} Nf6 {[%emt 0:00:00]} 2. c4 {[%emt 0:00:04]} e6 {[%emt 0:00:00]} 3. Nc3 {[%emt 0:00:04]} Bb4 {[%emt 0:00:10]} 4. Qb3 {[%emt 0:00:05]} c5 {[%emt 0:03:39]} 5. dxc5 {[%emt 0:00:23]} Bxc5 {[%emt 0:00:14]} 6. Nf3 {[%emt 0:00:43]} O-O {[%emt 0:04:45]} 7. Bg5 {[%emt 0:00:31] E22: Nimzo-Indian: 4 Qb3} Be7 {[%emt 0:10:10]} (7... Nc6 8. e3 b6 9. Rd1 Be7 10. Bd3 Bb7 11. O-O h6 12. Bh4 Na5 13. Qc2 Rc8 14. Qe2 Bxf3 15. gxf3 d5 16. cxd5 Nxd5 17. Bxe7 Nxc3 18. Bxd8 Nxe2+ 19. Bxe2 Rfxd8 {½-½ (27) Piket,J (2632)-Gelfand,B (2712) Monte Carlo 2001}) 8. e4 {[%emt 0:02:27]} d6 {[%emt 0:00:36]} 9. Rd1 {[%emt 0:01:49]} Qc7 $146 {[%emt 0:06:29]} ({Predecessor:} 9... Nbd7 10. Be2 a6 11. O-O Qc7 12. Bf4 b6 13. Qc2 Rd8 14. Qd3 Nc5 {½-½ (26) Bosch,J (2415)-Pilgaard,K (2377) Gelsenkirchen 2000}) 10. Nb5 {[%emt 0:07:49]} Qc6 {[%emt 0:04:57]} 11. Qc2 {[%emt 0:07:43]} (11. Bxf6 $5 gxf6 12. Qe3 $14) 11... Nbd7 {[%emt 0:03:12]} 12. Nfd4 {[%emt 0:06:27]} Qc5 {[%emt 0:04:52]} 13. Be3 {[%emt 0:01:15]} Qb4+ {[%emt 0:08:30]} 14. Rd2 {[%emt 0:21:51]} Ng4 {[%emt 0:13:44]} 15. Bf4 {[%emt 0:01:25]} Nde5 {[%emt 0:10:44]} 16. h3 {[%emt 0:03:48]} g5 {[%emt 0:05:03]} 17. Bg3 {[%emt 0:00:48]} Nf6 {[%emt 0:00:19]} 18. a3 {[%emt 0:05:30]} Qa5 {[%emt 0:07:06] [#]} 19. c5 $1 {[%emt 0:04:06]} Nfd7 {[%emt 0:05:13]} 20. Nb3 {[%emt 0:02:51]} Qd8 $18 {[%emt 0:00:45]} 21. Nxd6 {[%emt 0:00:45]} 1-0

[Event "92nd St. Petersburg-ch Men 2019"]
[Site "Sankt Petersburg"]
[Date "2019.04.09"]
[Round "9.3"]
[White "Duzhakov, Ilya"]
[Black "Levin, Evgeny A."]
[Result "1/2-1/2"]
[WhiteElo "2397"]
[BlackElo "2514"]
[Annotator "TA"]
[PlyCount "81"]
[EventDate "2019.04.01"]
[EventType "tourn"]
[EventCountry "RUS"]
[SourceTitle "playchess.com"]
[Source "ChessBase"]
[SourceQuality "1"]

{[%evp 31,81,23,40,0,0,0,1,0,0,0,0,0,0,0,0,0,0,0,0,0,0,0,0,0,0,0,0,0,0,0,0,0,0,0,0,0,0,0,0,0,0,0,0,0,0,0,0,0,0,0,0,0]} 1. d4 Nf6 2. Nf3 e6 3. c4 b6 4. g3 Ba6 5. b3 Bb4+ 6. Bd2 Be7 7. Bg2 c6 8. Bc3 d5 9. Ne5 Nfd7 10. Nxd7 Nxd7 11. Nd2 Rc8 12. O-O O-O 13. e4 c5 14. exd5 exd5 15. dxc5 dxc4 16. c6 cxb3 17. Nc4 {E15: Queen's Indian: 4 g3 sidelines, 4 g3 Ba6 and 4 g3 Bb7 early deviations} b2 {The position is equal.} 18. Bxb2 Bxc4 19. Qg4 {[%csl Gb2][%cal Rg4g7]} Bf6 20. Bxf6 Qxf6 21. Qxc4 ({Of course not} 21. cxd7 Rc7 $17) 21... Ne5 {[%mdl 64] [#] Double Attack} 22. Qa6 Nf3+ 23. Bxf3 Qxf3 24. Qxa7 {[#] aiming for c7.} Qxc6 $146 ({Predecessor:} 24... Rxc6 25. Rab1 Qf6 26. Rfc1 Rxc1+ 27. Rxc1 Qb2 28. Re1 h5 29. a4 Qd4 30. Rb1 Qe4 {½-½ (30) Karpov,A (2730)-Polugaevsky,L (2610) Haninge 1990}) 25. Rab1 Ra8 26. Qxb6 Qxb6 27. Rxb6 Rxa2 $11 {[%mdl 4096] Endgame KRR-KRR} 28. Rd6 h5 29. h4 Re8 30. Rd4 Rae2 31. Rfd1 Re1+ 32. Rxe1 Rxe1+ {KR-KR} 33. Kg2 g6 34. Ra4 Kg7 35. Ra6 Re7 36. Rb6 f6 37. Kf3 g5 38. Rb4 Kg6 39. Ra4 Re5 40. Rb4 Kf5 41. Ra4 {Accuracy: White = 87%, Black = 98%.} 1/2-1/2

[Event "92nd St. Petersburg-ch Men 2019"]
[Site "Sankt Petersburg"]
[Date "2019.04.09"]
[Round "9.4"]
[White "Golikov, Daniil"]
[Black "Usmanov, Vasily"]
[Result "1/2-1/2"]
[WhiteElo "2298"]
[BlackElo "2450"]
[Annotator "ChessBase"]
[PlyCount "85"]
[EventDate "2019.04.01"]
[EventType "tourn"]
[EventCountry "RUS"]
[SourceTitle "playchess.com"]
[Source "ChessBase"]
[SourceQuality "1"]
[TimeControl "40/5400+30:1800+30"]

1. d4 {[%emt 0:00:08]} e6 {[%emt 0:00:00]} 2. c4 {[%emt 0:00:12]} Bb4+ {[%emt 0:00:00]} 3. Bd2 {[%emt 0:00:05]} a5 {[%emt 0:00:00]} 4. Nf3 {[%emt 0:01:22]} d5 {[%emt 0:00:00]} 5. a3 {[%emt 0:00:14]} Bxd2+ {[%emt 0:03:07]} 6. Nbxd2 {[%emt 0:00:07]} Nf6 {[%emt 0:00:04]} 7. e3 {[%emt 0:00:18]} O-O {[%emt 0:00:05]} 8. Bd3 {[%emt 0:00:45]} b6 {[%emt 0:06:11]} 9. O-O {[%emt 0:00:26]} Bb7 {[%emt 0:00:08]} 10. Qc2 {[%emt 0:00:15]} Nbd7 {[%emt 0:00:48]} 11. Rfc1 {[%emt 0:03:33]} c5 {[%emt 0:01:01]} 12. cxd5 {[%emt 0:00:25]} exd5 {[%emt 0:00:12]} 13. dxc5 {[%emt 0:02:58]} bxc5 {[%emt 0:00:29]} 14. a4 {[%emt 0:00:44]} Qb6 {[%emt 0:05:13]} 15. b3 {[%emt 0:01:07]} Rfe8 {[%emt 0:03:10]} 16. Bb5 {[%emt 0:05:02]} Rac8 {[%emt 0:06:38]} 17. Qb2 {[%emt 0:00:50]} Re7 {[%emt 0:01:21]} 18. Rd1 {[%emt 0:01:27]} Nb8 {[%emt 0:01:03]} 19. Rac1 {[%emt 0:02:49]} Na6 {[%emt 0:00:09]} 20. Nf1 {[%emt 0:02:04]} Nb4 {[%emt 0:08:39]} 21. Ng3 {[%emt 0:01:19]} Qe6 {[%emt 0:02:04]} 22. Rc3 {[%emt 0:02:03]} Rec7 {[%emt 0:05:12]} 23. Rdc1 {[%emt 0:01:03]} Ne4 {[%emt 0:03:59]} 24. Nxe4 {[%emt 0:00:06]} Qxe4 {[%emt 0:00:05]} 25. Qb1 {[%emt 0:02:10]} Qxb1 {[%emt 0:10:12]} 26. Rxb1 {[%emt 0:00:01]} d4 {[%emt 0:00:23]} 27. exd4 {[%emt 0:00:05]} Bxf3 {[%emt 0:00:22]} 28. gxf3 {[%emt 0:00:15]} cxd4 {[%emt 0:00:34]} 29. Rxc7 {[%emt 0:00:10]} Rxc7 {[%emt 0:00:02]} 30. Rd1 {[%emt 0:00:07]} Nc2 {[%emt 0:03:31]} 31. Bd3 {[%emt 0:00:20]} g6 {[%emt 0:00:37]} 32. Bxc2 {[%emt 0:00:05]} Rxc2 {[%emt 0:00:03]} 33. Rxd4 {[%emt 0:00:05]} Rc3 {[%emt 0:00:08]} 34. Kg2 {[%emt 0:00:08]} Rxb3 {[%emt 0:00:03]} 35. Rd5 {[%emt 0:00:06]} Ra3 {[%emt 0:00:03]} 36. Rxa5 {[%emt 0:00:04]} Kg7 {[%emt 0:00:05]} 37. Kg3 {[%emt 0:00:28]} h5 {[%emt 0:00:22]} 38. Ra8 {[%emt 0:00:29]} g5 {[%emt 0:00:18]} 39. a5 {[%emt 0:00:06]} g4 {[%emt 0:00:16]} 40. Kh4 {[%emt 0:00:00]} Rxf3 {[%emt 0:00:00]} 41. Kxh5 {[%emt 0:02:14]} Rxf2 {[%emt 0:01:50]} 42. Kxg4 {[%emt 0:00:09]} Rxh2 {[%emt 0:00:03]} 43. a6 {[%emt 0:00:24]} 1/2-1/2

[Event "92nd St. Petersburg-ch Men 2019"]
[Site "Sankt Petersburg"]
[Date "2019.04.10"]
[Round "10.1"]
[White "Lobanov, Sergei"]
[Black "Schekachikhin, Maksim"]
[Result "0-1"]
[WhiteElo "2528"]
[BlackElo "2428"]
[Annotator "TA"]
[PlyCount "122"]
[EventDate "2019.04.01"]
[EventType "tourn"]
[EventCountry "RUS"]
[SourceTitle "playchess.com"]
[Source "ChessBase"]
[SourceQuality "1"]

{[%evp 13,122,27,41,12,31,4,7,22,6,11,49,-14,-9,-6,-8,0,-4,-33,-21,-35,-18,-56,-22,-20,-28,-45,-27,-19,-29,-25,-18,-48,0,0,41,18,32,29,65,66,85,79,106,105,105,88,99,95,76,10,10,10,43,33,35,41,41,0,18,0,43,42,32,38,847,19,30,7,11,0,0,0,0,0,0,-10,-10,-10,-16,-73,-73,-73,-73,-73,-73,-91,-91,-91,-91,-212,-212,-487,-487,-906,-844,-425,-425,-425,-425,-2054,-1831,-29970,-29971,-29970,-29971,-29972,-29972,-29972,-29973,-29972,-29972]} 1. e4 c6 2. d4 d5 3. e5 Bf5 4. Nf3 e6 5. Be2 Ne7 6. c3 h6 7. O-O Nd7 8. Nbd2 {B12: Caro-Kann: Advance Variation} a5 9. Re1 a4 10. Nf1 {The position is equal.} Bg6 11. Ng3 $146 ({Predecessor:} 11. Bf4 c5 12. c4 Nb6 13. dxc5 Nxc4 14. b3 Na3 15. Rc1 Nc6 16. bxa4 {0-1 (48) Zhigalko,S (2639)-Najer,E (2679) Poikovsky 2017}) 11... Nc8 12. h4 (12. Bd3 $14) 12... Be7 $11 13. h5 Bh7 14. Be3 O-O 15. Qd2 Ncb6 16. b3 c5 17. Nh2 Rc8 18. Ng4 cxd4 19. Bxd4 Nc5 20. Qe3 axb3 21. axb3 Nbd7 22. Bd1 Ne4 (22... Nb8 {keeps more tension.} 23. Ne2 Ncd7 24. f4 Nc6 25. b4 Qc7) 23. Nxe4 Bxe4 24. b4 Bf5 25. Ra7 Rc7 26. Be2 Qc8 27. Rea1 Bxg4 28. Bxg4 Nb8 29. Ra8 {Strongly threatening Bd1.} Qd7 30. Be2 Rcc8 31. Bd3 (31. b5 $16) 31... Nc6 32. Rxc8 Qxc8 33. Bb6 $36 {[%mdl 2048] b5 is the strong threat. White has some pressure.} Bd8 34. Bc5 Be7 35. Bb6 Bd8 $1 {next ...Bxb6 is good for Black.} 36. Bc5 Be7 37. f4 Bxc5 38. Qxc5 Qd7 $2 {[%mdl 8192] [#]} (38... Qd8 $14) 39. Qb6 $2 (39. Bh7+ $1 $18 {[%mdl 512]} Kxh7 40. Qxf8) 39... Rc8 40. Bb5 Qe7 41. g3 Nxb4 42. cxb4 Qxb4 43. Rf1 Rc3 44. Kh2 Rb3 45. Qxb7 {aiming for Qc8+.} (45. Qd8+ $2 Kh7 $17) 45... Qxb5 {[%mdl 4096] Endgame KQR-KQR} 46. Qc8+ (46. Qxb5 $11 {remains equal.} Rxb5 47. Ra1) 46... Kh7 $17 {( -> ...Qe2+)} 47. Qc2+ Qd3 48. Qxd3+ Rxd3 {KR-KR} 49. Ra1 {and if Ra7 works, White does fine.} g6 50. Ra7 Kg7 ({Worse is} 50... gxh5 51. Rxf7+ Kg8 52. Rf6 $16) 51. g4 (51. hxg6 $17 {keeps fighting.} Kxg6 52. Kg2) 51... Rf3 $19 52. hxg6 $2 (52. Ra4 {was forced.}) 52... Kxg6 53. Ra4 {[#]} (53. Ra8 $142 Rxf4 54. Kh3) 53... h5 $1 54. f5+ Kg5 55. fxe6 fxe6 56. Ra6 (56. gxh5 $142 Re3 57. Kg2) 56... hxg4 57. Rxe6 Kf5 {Black mates.} 58. Re8 Re3 59. Kg2 Rxe5 60. Rf8+ Ke4 61. Kg3 d4 {Accuracy: White = 31%, Black = 67%.} 0-1

[Event "92nd St. Petersburg-ch Men 2019"]
[Site "Sankt Petersburg"]
[Date "2019.04.10"]
[Round "10.2"]
[White "Saveliev, Alexei"]
[Black "Askerov, Marat"]
[Result "0-1"]
[WhiteElo "2372"]
[BlackElo "2318"]
[Annotator "NA"]
[PlyCount "80"]
[EventDate "2019.04.01"]
[EventType "tourn"]
[EventCountry "RUS"]
[SourceTitle "playchess.com"]
[Source "ChessBase"]
[SourceQuality "1"]
[TimeControl "40/5400+30:1800+30"]

1. e4 {[%emt 0:00:24]} c6 {[%emt 0:00:00]} 2. d4 {[%emt 0:01:12]} d5 {[%emt 0:00:00]} 3. exd5 {[%emt 0:00:04]} cxd5 {[%emt 0:00:00]} 4. Bd3 {[%emt 0:00:02]} Nc6 {[%emt 0:00:01]} 5. c3 {[%emt 0:01:56]} Qc7 {[%emt 0:09:02]} 6. h3 {[%emt 0:01:22]} e6 {[%emt 0:01:34] B13: Caro-Kann: Exchange Variation and Panov-Botvinnik Attack} (6... g6 7. Qc2 f6 8. Ne2 e5 9. O-O Nge7 10. dxe5 fxe5 11. c4 e4 12. Bxe4 dxe4 13. Nbc3 Bg7 14. Nd5 Qd6 {0-1 (29) Aronian,L (2767)-Howell,D (2685) Caleta 2019}) 7. Nf3 {[%emt 0:05:23]} Bd6 {[%emt 0:00:07]} 8. O-O {[%emt 0:00:07]} Nge7 {[%emt 0:00:04]} 9. Re1 {[%emt 0:02:58]} Bd7 {[%emt 0:00:19]} 10. a4 {[%emt 0:04:20]} f6 {[%emt 0:05:52]} 11. c4 {[%emt 0:11:23]} Kf7 $146 {[%emt 0:21:57]} (11... O-O $11) ({Predecessor:} 11... Nb4 12. c5 Bf4 13. Nc3 a6 14. Bb1 Bxc1 15. Qxc1 {½-½ (53) Khavsky,S (2322)-Solovjova,V (2221) St Petersburg 2008}) 12. Nc3 {[%emt 0:03:52]} a6 {[%emt 0:00:29]} 13. b3 {[%emt 0:16:32]} Bb4 {[%emt 0:12:37]} 14. Bb2 {[%emt 0:01:42]} Rad8 {[%emt 0:06:23]} 15. Rc1 {[%emt 0:01:38]} Bc8 {[%emt 0:01:01]} 16. Re2 {[%emt 0:05:02]} Qf4 {[%emt 0:13:12]} 17. Na2 {[%emt 0:02:02]} Ba5 {[%emt 0:00:32]} 18. Qc2 {[%emt 0:03:24]} (18. Ba3 $16) 18... g5 {[%emt 0:03:56]} 19. Rd1 {[%emt 0:02:18]} (19. Bxh7 g4 $19) 19... h6 {[%emt 0:03:21]} 20. Qb1 {[%emt 0:07:10]} Qc7 $14 {[%emt 0:03:00]} 21. Bc2 {[%emt 0:11:42]} h5 {[%emt 0:02:13]} 22. c5 {[%emt 0:06:44]} Nb4 {[%emt 0:02:41]} 23. Ba3 {[%emt 0:03:18]} Nxc2 {[%emt 0:02:05]} 24. Qxc2 {[%emt 0:00:03]} Qf4 {[%emt 0:02:37]} 25. Nc1 {[%emt 0:03:31]} Bc7 {[%emt 0:02:06]} 26. Nd3 {[%emt 0:00:04]} Qf5 {[%emt 0:00:09]} 27. Bc1 {[%emt 0:01:08]} Ng6 {[%emt 0:02:36]} 28. c6 {[%emt 0:00:22]} b6 {[%emt 0:00:32]} 29. Nh2 {[%emt 0:00:40]} g4 {[%emt 0:01:05]} 30. Nf1 {[%emt 0:01:41]} gxh3 {[%emt 0:02:06]} 31. Ne3 {[%emt 0:01:51]} Qe4 {[%emt 0:00:23]} 32. a5 {[%emt 0:01:23]} hxg2 {[%emt 0:02:04]} 33. Nxg2 {[%emt 0:00:26]} Qg4 {[%emt 0:00:13]} 34. f3 {[%emt 0:00:30]} Qg3 {[%emt 0:00:46]} 35. axb6 {[%emt 0:00:28]} Bxb6 {[%emt 0:00:10]} 36. Ndf4 {[%emt 0:00:35]} Nh4 {[%emt 0:00:30]} 37. Kf1 {[%emt 0:00:38]} Nxf3 {[%emt 0:00:41]} 38. Re3 {[%emt 0:00:27]} Qg4 {[%emt 0:01:05]} 39. c7 {[%emt 0:00:28]} Rdg8 {[%emt 0:00:26]} 40. Qc6 {[%emt 0:00:00]} Nxd4 {[%emt 0:00:00]} 0-1

[Event "92nd St. Petersburg-ch Men 2019"]
[Site "Sankt Petersburg"]
[Date "2019.04.10"]
[Round "10.3"]
[White "Usmanov, Vasily"]
[Black "Smirnov, Artem"]
[Result "0-1"]
[WhiteElo "2450"]
[BlackElo "2413"]
[Annotator "TA RC"]
[PlyCount "92"]
[EventDate "2019.04.01"]
[EventType "tourn"]
[EventCountry "RUS"]
[SourceTitle "playchess.com"]
[Source "ChessBase"]
[SourceQuality "1"]

{[%evp 16,92,42,37,86,83,95,66,81,70,78,78,79,73,77,68,74,70,79,51,65,47,15,-12,0,-18,-12,-16,-8,-27,-23,-67,-22,-50,-8,-50,-33,-229,-110,-106,-87,-86,-80,-94,-100,-98,-60,-43,-27,-60,-101,-162,-160,-142,-123,-116,-104,-222,-226,-262,-244,-241,-244,-242,-227,-233,-212,-777,-763,-778,-766,-928,-653,-647,-581,-29985,-29986,-29988,-29989]} 1. Nf3 Nf6 2. c4 g6 3. Nc3 Bg7 4. g3 O-O 5. Bg2 d6 6. d4 c6 7. O-O Bf5 8. Ng5 {E62: King's Indian: Fianchetto: 6...c6 and Panno Variation (6...Nc6) without ...a6} (8. Ne1 Qc8 9. e4 Bh3 10. f3 Bxg2 11. Kxg2 Nbd7 12. Be3 b5 13. cxb5 cxb5 14. Rc1 Qb7 15. Rf2 Nb6 16. b3 b4 17. Nb1 Nfd7 18. Rfc2 {0-1 (49) Karpov,A (2623)-Almasi,Z (2682) Germany 2019}) 8... e5 9. d5 {LiveBook: 6 Games} c5 10. e4 {White is better.} Bg4 11. f3 Bc8 12. Be3 $146 ({Predecessor:} 12. Nh3 Na6 13. Bg5 Nc7 14. a4 Rb8 15. Qd2 b6 {0-1 (41) Baenziger,F (2373)-Gaehwiler,G (2429) Bad Ragaz 2018}) 12... Na6 13. a3 Nc7 14. b4 b6 15. Nh3 Nfe8 16. Qd2 f5 17. exf5 gxf5 18. f4 e4 19. Rab1 Qf6 20. Ne2 Qg6 $1 21. Nf2 Nf6 22. Rfd1 Bd7 23. Qc2 Rac8 24. Qb3 Kh8 25. a4 cxb4 26. Nd4 $2 {[#]} ({White should try} 26. Qxb4 $15 Na6 27. Qxd6) 26... a5 (26... Ncxd5 $1 $19 {[%mdl 512] is more deadly.} 27. cxd5 Rc3) 27. Nc6 $17 Qe8 28. Bxb6 Bxc6 29. dxc6 Qxc6 30. Bxa5 Na6 {Threatens to win with ...Rb8.} 31. Bxb4 Rb8 $36 {[%mdl 2048] Black has some pressure.} 32. Rxd6 Qb7 {[%cal Ra6b4]} (32... Qc8 {looks sharper.} 33. Rxa6 Qxa6 34. Bf1 Qa7 35. c5 e3) 33. a5 (33. Rxa6 $17 Qxa6 34. Bf1) 33... Qxb4 $19 34. Qxb4 Nxb4 35. Rb6 {[#]} Nc6 $1 {[%mdl 512] And now ...Rbc8 would win.} 36. a6 {[#]} (36. Rxb8 $17 {was worth a try.} Nxb8 37. Bh3) (36. Rxc6 Rxb1+) 36... Nd7 $1 {[%cal Rd7b6]} 37. Rb7 Bd4 38. Bh3 Nc5 39. Rxb8 Nxb8 40. a7 Nc6 41. Rb6 $2 (41. Rb8 Rxb8 42. axb8=N Nxb8 43. Kf1) 41... e3 {[%cal Be4e3,Be3e2][%mdl 32]} 42. Kf1 Re8 {Strongly threatening ...e2+.} 43. Ne4 Nxa7 44. Bxf5 {If White can now play Rd6 this consolidates a bit.} Nxe4 {[%mdl 64] Discovered Attack} 45. Rb7 {[#]} Nxg3+ $1 {[%mdl 64] Promotion} 46. hxg3 e2+ {Accuracy: White = 25%, Black = 66%.} 0-1

[Event "92nd St. Petersburg-ch Men 2019"]
[Site "Sankt Petersburg"]
[Date "2019.04.10"]
[Round "10.4"]
[White "Levin, Evgeny A."]
[Black "Golikov, Daniil"]
[Result "1/2-1/2"]
[WhiteElo "2514"]
[BlackElo "2298"]
[Annotator "TA"]
[PlyCount "81"]
[EventDate "2019.04.01"]
[EventType "tourn"]
[EventCountry "RUS"]
[SourceTitle "playchess.com"]
[Source "ChessBase"]
[SourceQuality "1"]

{[%evp 16,81,42,42,54,52,58,58,54,56,68,66,86,52,50,45,62,46,45,45,48,20,37,34,36,33,37,33,36,36,58,43,85,78,76,83,93,86,110,99,127,130,124,107,107,114,124,115,123,114,115,94,114,114,114,118,118,115,118,114,109,108,103,0,96,81,87,0]} 1. d4 Nf6 2. c4 e6 3. Nf3 Bb4+ 4. Nbd2 d5 5. Qa4+ Nc6 6. a3 Bxd2+ 7. Bxd2 O-O 8. e3 Ne4 9. Qc2 {LiveBook: 56 Games} Ne7 {E11: Bogo-Indian} (9... Nxd2 10. Qxd2 b6 11. Qc2 Ba6 12. b4 Bxc4 13. Bxc4 dxc4 14. Qxc4 Ne7 15. O-O a5 16. Rfc1 axb4 17. axb4 {½-½ (44) Gelfand,B (2701)-Paehtz,E (2513) Douglas 2018}) 10. Bd3 Nxd2 11. Nxd2 ({Worse is} 11. Bxh7+ Kh8 $17) 11... h6 {White is slightly better.} 12. O-O b6 13. b4 $146 ({Predecessor:} 13. Rac1 Ba6 14. b4 dxc4 15. Bxc4 Bb7 16. Rfd1 a5 {1-0 (52) Kanep,M (2509)-Lumiste,R (2062) Viljandi 2016}) 13... Ba6 14. Rfc1 c6 15. a4 dxc4 16. Nxc4 Bxc4 17. Qxc4 Qd6 18. b5 {[%cal Rb5c6]} Rfc8 19. Be4 {[%cal Rb5c6]} cxb5 20. Qxb5 Nd5 21. g3 Rab8 22. Bf3 Ne7 23. a5 bxa5 24. Qxa5 Rxc1+ 25. Rxc1 Qb6 26. Qa2 Nc8 27. h4 Qd8 28. Kg2 Qd7 29. Qa5 Nb6 30. Ra1 Nc8 31. Ra2 Kh8 32. Qa3 Kg8 33. Rc2 Nb6 34. Bc6 Qc7 35. Be4 Qd7 36. Ra2 Nc8 37. Qc5 Nb6 38. Qa5 Nc8 39. Qc5 Nb6 $1 40. Bc6 Qc7 41. Be4 {Accuracy: White = 68%, Black = 53%.} (41. Bf3 $16 Qd7 42. Qa5) 1/2-1/2

[Event "92nd St. Petersburg-ch Men 2019"]
[Site "Sankt Petersburg"]
[Date "2019.04.11"]
[Round "11.1"]
[White "Vlasenko, Miroslav"]
[Black "Lobanov, Sergei"]
[Result "1-0"]
[WhiteElo "2410"]
[BlackElo "2528"]
[Annotator "ChessBase"]
[PlyCount "150"]
[EventDate "2019.04.01"]
[EventType "tourn"]
[EventCountry "RUS"]
[SourceTitle "playchess.com"]
[Source "ChessBase"]
[SourceQuality "1"]
[TimeControl "40/5400+30:1800+30"]

1. d4 {[%emt 0:12:31]} Nf6 {[%emt 0:00:00]} 2. c4 {[%emt 0:00:03]} e6 {[%emt 0:01:36]} 3. Nc3 {[%emt 0:00:06]} Bb4 {[%emt 0:00:01]} 4. Qc2 {[%emt 0:00:07]} O-O {[%emt 0:00:11]} 5. a3 {[%emt 0:00:03]} Bxc3+ {[%emt 0:00:05]} 6. Qxc3 {[%emt 0:00:04]} b6 {[%emt 0:00:19]} 7. Bg5 {[%emt 0:00:07]} Bb7 {[%emt 0:00:19]} 8. e3 {[%emt 0:00:06]} h6 {[%emt 0:01:27]} 9. Bh4 {[%emt 0:00:10]} c5 {[%emt 0:01:33]} 10. dxc5 {[%emt 0:02:07]} bxc5 {[%emt 0:00:24]} 11. Nf3 {[%emt 0:02:17]} g5 {[%emt 0:10:23]} 12. Bg3 {[%emt 0:00:52]} Ne4 {[%emt 0:00:05]} 13. Qc2 {[%emt 0:01:24]} f5 {[%emt 0:08:21]} 14. Bd3 {[%emt 0:05:40]} Qa5+ {[%emt 0:13:46]} 15. Ke2 {[%emt 0:01:14]} Nc6 {[%emt 0:11:00]} 16. b4 {[%emt 0:07:53]} Qd8 {[%emt 0:12:37]} 17. Bxe4 {[%emt 0:14:47]} fxe4 {[%emt 0:00:01]} 18. Nd2 {[%emt 0:00:49]} d5 {[%emt 0:00:07]} 19. bxc5 {[%emt 0:02:47]} Ba6 {[%emt 0:02:18]} 20. Rhd1 {[%emt 0:10:26]} Na5 {[%emt 0:03:28]} 21. Kf1 {[%emt 0:02:14]} Nxc4 {[%emt 0:04:03]} 22. Kg1 {[%emt 0:02:29]} Qf6 {[%emt 0:03:01]} 23. Nxe4 {[%emt 0:06:41]} dxe4 {[%emt 0:00:58]} 24. Qa4 {[%emt 0:00:04]} Nb2 {[%emt 0:11:56]} 25. Qxa6 {[%emt 0:00:08]} Nxd1 {[%emt 0:00:02]} 26. Rxd1 {[%emt 0:00:01]} Rad8 {[%emt 0:00:13]} 27. Rc1 {[%emt 0:03:13]} h5 {[%emt 0:02:37]} 28. Qe2 {[%emt 0:04:36]} h4 {[%emt 0:04:57]} 29. Bd6 {[%emt 0:00:06]} Rf7 {[%emt 0:00:01]} 30. h3 {[%emt 0:00:07]} Rb7 {[%emt 0:01:00]} 31. c6 {[%emt 0:04:59]} Rb6 {[%emt 0:07:05]} 32. Qc2 {[%emt 0:06:20]} Rb2 {[%emt 0:00:47]} 33. Qxe4 {[%emt 0:00:22]} Qxf2+ {[%emt 0:00:29]} 34. Kh1 {[%emt 0:00:33]} Qf5 {[%emt 0:00:40]} 35. c7 {[%emt 0:01:25]} Rc8 {[%emt 0:00:05]} 36. Qc4 {[%emt 0:05:19]} Qd5 {[%emt 0:00:50]} 37. Qxd5 {[%emt 0:01:31]} exd5 {[%emt 0:00:01]} 38. Be5 {[%emt 0:02:15]} Rb3 {[%emt 0:00:40]} 39. Rc5 {[%emt 0:00:24]} Kf7 {[%emt 0:01:05]} 40. Rxd5 {[%emt 0:00:00]} Ke8 {[%emt 0:00:00]} 41. Bd6 {[%emt 0:09:55]} Rxe3 {[%emt 0:04:32]} 42. Rxg5 {[%emt 0:00:21]} Kd7 {[%emt 0:00:54]} 43. Rd5 {[%emt 0:03:49]} Re4 {[%emt 0:12:37]} 44. Kg1 {[%emt 0:02:41]} Kc6 {[%emt 0:01:42]} 45. Rd3 {[%emt 0:00:35]} Re2 {[%emt 0:05:28]} 46. Bf4 {[%emt 0:02:40]} Ra2 {[%emt 0:02:51]} 47. Rc3+ {[%emt 0:00:52]} Kd7 {[%emt 0:00:23]} 48. Rd3+ {[%emt 0:03:46]} Kc6 {[%emt 0:01:16]} 49. Bd6 {[%emt 0:03:29]} a5 {[%emt 0:01:04]} 50. Rd4 {[%emt 0:01:20]} Rg8 {[%emt 0:01:28]} 51. Kf1 {[%emt 0:00:33]} Kb7 {[%emt 0:01:30]} 52. Bf4 {[%emt 0:06:08]} Rc8 {[%emt 0:02:33]} 53. a4 {[%emt 0:00:24]} Rb2 {[%emt 0:00:44]} 54. Bd6 {[%emt 0:01:52]} Kc6 {[%emt 0:00:10]} 55. g4 {[%emt 0:00:26]} hxg3 {[%emt 0:00:12]} 56. Bxg3 {[%emt 0:00:12]} Rb4 {[%emt 0:00:46]} 57. Rg4 {[%emt 0:00:56]} Rf8+ {[%emt 0:01:12]} 58. Ke2 {[%emt 0:00:06]} Rh8 {[%emt 0:00:15]} 59. Ke3 {[%emt 0:01:13]} Kd7 {[%emt 0:00:22]} 60. Rg7+ {[%emt 0:00:44]} Kc8 {[%emt 0:00:04]} 61. h4 {[%emt 0:00:11]} Rxa4 {[%emt 0:00:21]} 62. h5 {[%emt 0:00:13]} Ra1 {[%emt 0:01:01]} 63. Rg5 {[%emt 0:00:24]} a4 {[%emt 0:00:45]} 64. Ra5 {[%emt 0:00:48]} Kd7 {[%emt 0:00:14]} 65. Ra7 {[%emt 0:00:38]} Rc8 {[%emt 0:00:13]} 66. h6 {[%emt 0:00:12]} a3 {[%emt 0:00:24]} 67. Be5 {[%emt 0:00:23]} Rh1 {[%emt 0:01:15]} 68. Bf4 {[%emt 0:00:13]} Re8+ {[%emt 0:00:39]} 69. Kf2 {[%emt 0:00:28]} Ra1 {[%emt 0:00:29]} 70. Kg2 {[%emt 0:00:34]} a2 {[%emt 0:00:31]} 71. h7 {[%emt 0:00:31]} Rb1 {[%emt 0:00:32]} 72. Rxa2 {[%emt 0:00:16]} Rd1 {[%emt 0:00:31]} 73. Rb2 {[%emt 0:00:56]} Ra1 {[%emt 0:00:29]} 74. Rd2+ {[%emt 0:00:16]} Kc6 {[%emt 0:00:14]} 75. Rc2+ {[%emt 0:00:10]} Kd5 {[%emt 0:00:50]} 1-0